Kluby piłkarskie Irlandii Północnej - nagła śmierć - Statystyki

Ogólne statystyki
  • Ten quiz został rozwiązany 18 razy
  • Średni wynik to 5 z 13
Answers on the Grid
Answers color-coded by a green-red scale on the quiz's grid according to % correct below.
Curzon Ashton
Derry City
Crusaders FC
Bristol City
Dungannon Swifts
Lincoln City
Linfield FC
Shelbourne FC
Cliftonville FC
Glentoran FC
Glenavon FC
Caernarfon Town
Colwyn Bay
Larne FC
Bangor FC
Newtown AFC
Coleraine FC
Cobh Ramblers FC
Carrick Rangers
Portadown FC
Dunfermline Athletic FC
Ballymena United
 
Statystyki odpowiedzi
Odpowiedź % Poprawnych
Linfield FC
65%
Larne FC
53%
Cliftonville FC
47%
Crusaders FC
47%
Glentoran FC
47%
Coleraine FC
35%
Glenavon FC
35%
Ballymena United
29%
Derry City
29%
Portadown FC
29%
Carrick Rangers
24%
Dungannon Swifts
24%
Bangor FC
18%
Nie znaleziono quizów pasujących do podanych kryteriów
Rozkład punktacji
Procent ludzi z każdym wynikiem
Percentyl według liczby udzielonych odpowiedzi
Twoja historia wyników
Nie rozwiązałeś tego quizu